Curry : (Record no. 152025)

MARC details
000 -LEADER
fixed length control field 00577nam a22001937a 4500
005 - DATE AND TIME OF LATEST TRANSACTION
control field 20180514102405.0
010 ## - LCCN (DPL NO)
LC control number ENG-122987
020 ## - INTERNATIONAL STANDARD BOOK NUMBER
International Standard Book Number 9789386338839
Terms of availability 399.00
035 ## - SYSTEM CONTROL NUMBER
System control number EN-106519
037 ## - SOURCE OF ACQUISITION
Source of stock number/acquisition DABD/PUB
082 ## - DEWEY DECIMAL CLASSIFICATION NUMBER
Classification number 641.3384
100 ## - MAIN ENTRY--PERSONAL NAME
Personal name Sen, Colleen Taylor
245 ## - TITLE STATEMENT
Title Curry :
Statement of responsibility, etc by Colleen Taylor Sen
Remainder of title a global history /
260 ## - PUBLICATION, DISTRIBUTION, ETC. (IMPRINT)
Place of publication, distribution, etc New Delhi
Name of publisher, distributor, etc Speaking Tiger
Date of publication, distribution, etc 2009
270 ## - ADDRESS
Address 4381/4 Ansari Road, Daryaganj,
City New Delhi
Postal code 110002
300 ## - PHYSICAL DESCRIPTION
Extent 144p.
Dimensions 20cm(pbk)
Other physical details ill.
500 ## - GENERAL NOTE
General note It include index
942 ## - ADDED ENTRY ELEMENTS (KOHA)
Source of classification or shelving scheme Dewey Decimal Classification
Item type English Books
Call number suffix SEN
Classification part 641.3384
Holdings
Withdrawn status Lost status Not for loan Collection code Home library Current library Date acquired Source of acquisition Cost, normal purchase price Full call number Barcode Copy number Cost, replacement price Koha item type
    Not For Loan Non-fiction D.B.Act.Division Central Library 14/05/2018 DBAD/PUB 399.00 641.3384 SEN EN-106519 1 399.00 English Books

© Delhi Public Library
Hit Counter
free hit counter